Slovensko patrí do nižšej strednej triedy

Európska komisia (EK) rozčlenila európskych kandidátov EÚ podľa kvality ich ekonomiky a schopnosti čeliť konkurenčným tlakom v únii. Slovensko bolo označené za fungujúcu trhovú ekonomiku, avšak druhé podkritérium môže splniť až v strednodobom termíne, keď dokončí prebiehajúce štrukturálne reformy a...

Full description

Saved in:
Bibliographic Details
Main Author: Hajšel, Robert
Format: Book Chapter
Language:Slovak
Subjects:
Tags: Add Tag
No Tags, Be the first to tag this record!

MARC

LEADER 00000naa a2200000 4500
001 r039992
005 20230921110317.7
041 0 |a slo 
044 |a SK 
245 1 0 |a Slovensko patrí do nižšej strednej triedy  |c Robert Hajšel 
520 |a Európska komisia (EK) rozčlenila európskych kandidátov EÚ podľa kvality ich ekonomiky a schopnosti čeliť konkurenčným tlakom v únii. Slovensko bolo označené za fungujúcu trhovú ekonomiku, avšak druhé podkritérium môže splniť až v strednodobom termíne, keď dokončí prebiehajúce štrukturálne reformy a zavedie všetky zostávajúce kroky. Hodnotenie plnenia politických kritérií Európskou komisiou. 
610 2 0 |a integrácia ekonomická medzinárodná 
610 2 0 |a situácia hospodárska 
610 2 0 |a konkurencieschopnosť 
610 2 0 |a reformy štruktúrne 
610 2 0 |a hospodárstvo trhové 
610 2 0 |a Slovensko 
610 2 0 |a Európska únia 
100 1 |a Hajšel, Robert